[Event "IBCA-ol blind 15th"]
[Site "Ohrid"]
[Date "2017.06.28"]
[Round "9.4"]
[White "Couwenberg, Pieter"]
[Black "Craciun, Gheorghe"]
[Result "1-0"]
[WhiteElo "1611"]
[BlackElo "1953"]
[PlyCount "47"]
[EventDate "2017.06.19"]
[EventType "team-swiss"]
[EventRounds "9"]
[EventCountry "MKD"]
[SourceTitle "CBM 179 Extra"]
[Source "ChessBase"]
[SourceDate "2017.08.23"]
[SourceVersion "1"]
[SourceVersionDate "2017.08.23"]
[SourceQuality "1"]
[WhiteTeam "Netherlands"]
[BlackTeam "Moldova"]
[WhiteTeamCountry "NED"]
[BlackTeamCountry "MDA"]

1. d4 d5 2. Bf4 Nc6 3. e3 Nf6 4. Nd2 Bf5 5. Ngf3 Bg4 6. c3 e6 7. Bd3 Bd6 8. Qb3 b6 9. Bb5 Qd7 10. Qa4 0-0 11. Bxc6 Qc8 12. Bxa8 Qxa8 13. 0-0 Bxf4 14. exf4 Qb8 15. Ne5 b5 16. Qb3 Bf5 17. Ndf3 Qb7 18. Nh4 Be4 19. f3 Bg6 20. Nhxg6 hxg6 21. Rfe1 c6 22. g3 a5 23. a3 a4 24. Qd1 1-0

[Event "IBCA-ol blind 15th"]
[Site "Ohrid"]
[Date "2017.06.20"]
[Round "2.4"]
[White "Craciun, Gheorghe"]
[Black "Culjak, Miso"]
[Result "0-1"]
[WhiteElo "1953"]
[BlackElo "1679"]
[PlyCount "86"]
[EventDate "2017.06.19"]
[EventType "team-swiss"]
[EventRounds "9"]
[EventCountry "MKD"]
[SourceTitle "CBM 179 Extra"]
[Source "ChessBase"]
[SourceDate "2017.08.23"]
[SourceVersion "1"]
[SourceVersionDate "2017.08.23"]
[SourceQuality "1"]
[WhiteTeam "Moldova"]
[BlackTeam "Croatia"]
[WhiteTeamCountry "MDA"]
[BlackTeamCountry "CRO"]

1. e4 e5 2. Nf3 Nc6 3. c3 d6 4. Bc4 f5 5. d3 f4 6. Qb3 Nh6 7. 0-0 b6 8. Bd5 Bb7 9. Qb5 Qd7 10. d4 a6 11. Qd3 Na5 12. Qc2 Bxd5 13. exd5 0-0-0 14. Qe4 Re8 15. dxe5 dxe5 16. Nxe5 Qd6 17. Bxf4 g6 18. Bxh6 Rxe5 19. Qd4 Bxh6 20. g3 Rhe8 21. Qd3 Kb7 22. c4 Ka7 23. Nc3 Nb7 24. a4 Nc5 25. Qf3 Nb3 26. Nb5+ axb5 27. Qxb3 bxc4 28. Qxc4 Qxd5 29. Qxc7+ Qb7 30. Qxb7+ Kxb7 31. Rfd1 R8e7 32. Kf1 Bg7 33. Rab1 Ka6 34. b4 Re4 35. Rd6 R7e6 36. Rd8 Bc3 37. b5+ Kb7 38. Rc1 Re1+ 39. Rxe1 Rxe1+ 40. Kg2 Re7 41. Kf1 Bb4 42. Rf8 Re1+ 43. Kg2 Bxf8 0-1